|
|
|
|
| LEADER |
00000nam0a2200000 4500 |
| 001 |
273285 |
| 005 |
20231101234620.0 |
| 020 |
|
|
|a RU
|b 87-78994
|
| 035 |
|
|
|a (RuTPU)RU\TPU\book\296494
|
| 090 |
|
|
|a 273285
|
| 100 |
|
|
|a 20141024d1987 k y0rusy5003 ca
|
| 101 |
0 |
|
|a rus
|
| 102 |
|
|
|a UA
|
| 105 |
|
|
|a a z 001zy
|
| 200 |
1 |
|
|a Вопросы формирования метастабильной структуры сплавов. Неравновесная кристаллизация
|e сборник научных трудов
|f Днепропетровский государственный университет имени 300-летия воссоединения Украины с Россией ; под ред. И. С. Мирошниченко
|
| 210 |
|
|
|a Днепропетровск
|c Изд-во ДГУ
|d 1987
|
| 215 |
|
|
|a 126 с.
|c ил.
|
| 320 |
|
|
|a Библиогр. в конце ст.
|
| 606 |
1 |
|
|a Сплавы
|x Кристаллизация
|2 stltpush
|3 (RuTPU)RU\TPU\subj\55932
|9 73885
|
| 610 |
1 |
|
|a металловедение
|
| 610 |
1 |
|
|a метастабильные системы
|
| 610 |
1 |
|
|a фазовые превращения
|
| 610 |
1 |
|
|a неравновесная кристаллизация
|
| 610 |
1 |
|
|a микроструктуры
|
| 610 |
1 |
|
|a боридные покрытия
|
| 610 |
1 |
|
|a кристаллы
|
| 610 |
1 |
|
|a аморфные сплавы
|
| 610 |
1 |
|
|a оксидная керамика
|
| 610 |
1 |
|
|a охлаждение
|
| 610 |
1 |
|
|a научные труды
|
| 675 |
|
|
|a 669.018:54
|v 3
|
| 702 |
|
1 |
|a Мирошниченко
|b И. С.
|g Иван Степанович
|4 340
|
| 712 |
0 |
2 |
|a Днепропетровский государственный университет имени 300-летия воссоединения Украины с Россией
|2 stltpush
|3 (RuTPU)RU\TPU\col\11280
|
| 801 |
|
0 |
|a RU
|b RuMRKP
|c 19950417
|g psbo
|
| 801 |
|
1 |
|a RU
|b 63413507
|c 20141024
|
| 801 |
|
2 |
|a RU
|b 63413507
|c 20160422
|g RCR
|
| 942 |
|
|
|c BK
|